| 000 | 00491ntaaa2200181 4500 | ||
|---|---|---|---|
| 003 | 01 | ||
| 005 | 20251027201643.0 | ||
| 008 | 0714s1973 ag 01 | ||
| 040 |
_aAR-BaBN _bspa _cAR-BaBN _eaacr _dRIC |
||
| 082 | _a239.8000 | ||
| 100 |
_aPereira Alvez, A _915280 |
||
| 245 | _aPor que debemos leer la biblia | ||
| 250 | _a1 ed. | ||
| 260 |
_asd : _bsl, _csd |
||
| 500 | _aNo está el libro ni las fichas. Los datos se extrajeron del Libro de Entradas | ||
| 650 |
_aBiblia _9468 |
||
| 942 | _cBK | ||
| 999 |
_c11278 _d11278 |
||